Henry VII - Statistics

General Stats
  • This quiz has been taken 11 times
  • The average score is 7 of 24
Answer Stats
Hint Answer % Correct
year of arthur's birth 1486
67%
year Perkin Warbeck appeared in Cork 1491
67%
year of the Treaty of Etaples 1492
50%
year of arthur's death 1502
50%
Henry's uncle Jasper Tudor
50%
year of the Act of Resumption 1486
33%
year of Philip's embargo on English goods 1494
33%
year of the Truce of Ayton 1497
33%
date of the Battle of Bosworth 22nd August 1485
33%
number of Knights of the Garter created 37
33%
his title as duke Duke of Bedford
33%
the Stanley married to Margaret Beaufort Thomas
33%
number from invasion from Scotland (1496) 1400
17%
date of marriage to Elizabeth of York 18 January 1486
17%
number of soldiers landed at Deal (1495) 300
17%
the Earl of Devon Edward Courtenay
17%
area he defended Exeter
17%
who was the Earl of Northumberland (non-intervener) Henry Percy
17%
which brother was executed Humphrey
17%
month of Battle of Stoke June 1487
17%
his title (1) Knight of the Garter
17%
names of the Stafford brothers ThomasHumphrey
17%
date of Henry's coronation 30 October 1485
0%
advancing royal troops led by... Giles Daubeney
0%
No matching quizzes found
Score Distribution
Percent of People with Each Score
Percentile by Number Answered
Your Score History
You have not taken this quiz